000 00338nam a2200133Ia 4500
005 20260326235457.0
008 260326s9999||||xx |||||||||||||| ||und||
100 _aKalopissis, Theodore
245 0 _aEl Libro de las Casas /
_cTheodore Kalopissis
260 _bAltea
300 _a136 p.
650 _aARQUITECTURA RESIDENCIAL
942 _cBK
999 _c7967
_d7967